[Event "CAN-ch U20"]
[Site "Montreal"]
[Date "1977.04.09"]
[Round "3"]
[White "Reeve, Jeff"]
[Black "Morenz, Phil"]
[Result "1-0"]
[WhiteElo "1938"]
[BlackElo "2027"]
[PlyCount "33"]
[EventDate "1977.04.08"]
[EventType "tourn"]
[EventRounds "9"]
[EventCountry "CAN"]
[SourceTitle "EXT 2022"]
[Source "ChessBase"]
[SourceDate "2021.10.06"]
[SourceVersion "1"]
[SourceVersionDate "2021.10.06"]
[SourceQuality "1"]

1. e4 e6 2. d4 d5 3. e5 c5 4. c3 Nc6 5. Nf3 Qb6 6. a3 Bd7 7. b4 cxd4 8. cxd4 Rc8 9. Bb2 Nxb4 10. axb4 Qxb4+ 11. Qd2 Rc2 12. Ba3 Qb3 13. Qd3 Qxd3 14. Bxd3 Rc8 15. Bxf8 Rc1+ 16. Kd2 Rxh1 17. Bxg7 1-0